000 00314nam a22001337a 4500
008 171106b xxu||||| |||| 00| 0 eng d
020 _a9780073271101
041 _aeng
080 _218TH
_a330.722.6
100 _a61
101 _aKON
245 _aFUNDAMENTAL ACCOUNTING PRINCIPLES
_cWILD,J.J
942 _2udc
_cBK
999 _c37892
_d37892